KOHA-Header-6

Pakistan The Successful Culmination (Record no. 6921)

000 -LEADER
fixed length control field 00272nam a2200109Ia 4500
100 ## - MAIN ENTRY--AUTHOR NAME
Personal name Haroon-Ur-Rasheed
245 #0 - TITLE STATEMENT
Title Pakistan The Successful Culmination
260 ## - PUBLICATION, DISTRIBUTION, ETC. (IMPRINT)
Place of publication Lahore
Name of publisher Royal Book
Year of publication 1996
300 ## - PHYSICAL DESCRIPTION
Number of Pages 414
942 ## - ADDED ENTRY ELEMENTS (KOHA)
Koha item type Books
Holdings
Withdrawn status Lost status Permanent Location Current Location Date acquired Full call number Accession Number Koha item type
    MAJU MAJU 2019-09-11 5.445 445 Books

Powered by Koha